| 000 | 00966nam a2200241 a 4500 | ||
|---|---|---|---|
| 001 | 000027967 | ||
| 005 | 20200930031235.0 | ||
| 008 | 110406s1974 dr ac 001 0 spa d | ||
| 040 |
_aDO-SdBNP _bspa _cBNPHU |
||
| 041 | 1 | 7 |
_aspa _heng |
| 082 |
_a917.47 _bC352v |
||
| 100 | 1 |
_aCastillo, Alfredo del _946507 |
|
| 245 | 1 | 0 |
_aVida en New York : _bdatos, leyes y consejos útiles en el estado de Nueva York, E. U. A. / _cAlfredo del Castillo. |
| 260 |
_aSanto Domingo : _bEmpresas America Publications, _c1974. _fCultural Dominicana |
||
| 300 |
_a221 p. : _bil., retrs. ; _c21 cm. |
||
| 546 | _aespañol, Inglés. | ||
| 650 | 4 |
_aCiudades y pueblos _zEstados Unidos _928976 |
|
| 651 | 4 |
_aNueva York (Estados Unidos{Rpara} _xDescripciones Y Viajes _955035 |
|
| 651 | 4 |
_aNueva York (Estados Unidos{Rpara} _xVida Social Y Costumbres _928973 |
|
| 651 | 4 |
_aNueva York (Estados Unidos{Rpara} _xHistoria Local _928971 |
|
| 910 | _aValidado. Control de calidad EMS | ||
| 049 | _aBNPD | ||
| 999 |
_c27459 _d27459 |
||